Normal view
MARC view
- COMMUNICAITON SYSTEMS.FUNDAMENTALS OF COMMUNICAITON SYSTEMS
Entry Topical Term
001 - CONTROL NUMBER
- control field: 73739
003 - CONTROL NUMBER IDENTIFIER
- control field: NUST
005 - DATE AND TIME OF LATEST TRANSACTION
- control field: 20210628205056.0
008 - FIXED-LENGTH DATA ELEMENTS
- fixed length control field: 210628|| aca||aabn | a|a d
040 ## - CATALOGING SOURCE
- Original cataloging agency: NUST
- Transcribing agency: NUST
150 ## - HEADING--TOPICAL TERM
- Topical term or geographic name entry element: COMMUNICAITON SYSTEMS.FUNDAMENTALS OF COMMUNICAITON SYSTEMS
670 ## - SOURCE DATA FOUND
- Source citation: Work cat.: (NUST): Proakis, John G 662, Fundamentals of communicaiton systems, 2013
